00293nam a2200109Ia 4500008004100000100002400041245006000065250000800125260003400133300000800167650000800175191201s2000 xx 000 0 und d aDAHIYA,Shri Bhagwan 4aThe Current State of Business Disciplines Management-11 a1st aRohtakbSpellbound Pub.c2000 a481 aMBA